Vista normal
Vista MARC
Entrada Nombre corporativo
Número de registros utilizados en: 1
001 - NÚMERO DE CONTROL
- campo de control: 75288
003 - IDENTIFICADOR DEL NÚMERO DE CONTROL
- campo de control: BNPHU
005 - FECHA Y HORA DE LA ÚLTIMA TRANSACCIÓN
- campo de control: 20250423131357.0
008 - DATOS DE LONGITUD FIJA
- campo de control de longitud fija: 200615|| aca||aabn | a|a d
010 ## - NÚMERO DE CONTROL DE LA BIBLIOTECA DEL CONGRESO
- Número de control de LC: n 85136130
040 ## - FUENTE DE LA CATALOGACIÓN
- Centro catalogador/agencia de origen: Do-SdBNP
- Lengua de catalogación: spa
- Centro/agencia transcriptor: BNPHU
- Normas de descripción: rda
110 2# - ENCABEZAMIENTO-NOMBRE DE ENTIDAD CORPORATIVA
- Nombre de entidad corporativa o nombre de jurisdicción como elemento de entrada: Asociación de Historiadores Latinoamericanos y del Caribe
370 ## - LUGAR ASOCIADO
- Lugar de nacimiento: Havana (Cuba)
- Otro lugar asociado: Ciudad de México (México)
410 2# - TRAZADO DE VÉASE--NOMBRE DE ENTIDAD CORPORATIVA
- Nombre de entidad corporativa o nombre de jurisdicción como elemento de entrada: ADHILAC
670 ## - FUENTE DE DATOS ENCONTRADOS
- Cita de la fuente: Work cat.: (OSt)47170: Congreso Internacional de la Asociación de Historiadores Latinoamericanos y del Caribe (ADHILAC) (10 : 2011: Santo Domingo) 75282, Las revoluciones del siglo XX en la historia de América Latina y el Caribe :, 2014.
670 ## - FUENTE DE DATOS ENCONTRADOS
- Cita de la fuente: Los Estudios históricos en América Latina, 1984:
- Información encontrada: portada (Asociación de Historiadores Latinoamericanos y del Caribe, ADHILAC) p. 9 (f.1974)
670 ## - FUENTE DE DATOS ENCONTRADOS
- Cita de la fuente: Las revoluciones del siglo XX en la historia de América Latina y el Caribe, 2014:
- Información encontrada: portada (La Asociación de Historiadores Latinoamericanos y del Caribe (ADHILAC))
670 ## - FUENTE DE DATOS ENCONTRADOS
- Identificador Uniforme del Recurso: https://authorities.loc.gov/cgi-bin/Pwebrecon.cgi?AuthRecID=3398045&v1=1&HC=1&SEQ=20250423120533&PID=akYFnzoL6py2YigQBzY1yWWRbO0b Consultado en 23 de Abril, 2025
